000 00686nam a2200241Ia 4500
003 OSt
005 20220918221901.0
006 a|||||r|||| 00| 0
007 ta
008 220917b |||||||| |||| 00| 0 eng d
024 _a210,510
037 _cTextual
040 _aARTS
_cARTS
_beng
041 _2eng
_aeng
082 _aO111:(R), N6
100 _aSastry K. Srinivasa
_9141659
245 0 _aNightmare and network
_b A philosophic perspective
260 _aStamford
_bYuganta press
_c1996
300 _axv, 118 p
_ccm.
650 _aENGLISH LITERATURE; PHILOSOPHY
_917257
942 _hO111:(R), N6
_cTEXL
_2CC
999 _c273925
_d273925